00535nam a2200181 a 4500008004100000020002200041100001700063245005500080260005200135300002600187440004300213500002000256650003500276700001500311003000100326005001700327040000900344  a0521273242 (pbk.)1 aCooke, D. J.10aComputer mathematics /cD. J. Cooke and H. E. Bez. aCambridge :bCambridge University Press,c1984. axii, 394 p. ;c23 cm. 0aCambridge computer science texts ;v18 aIncludes index. 0aComputer sciencexMathematics.1 aBez, H. E.20230123133206.0 cNUST